Legislació sobre protecció de dades
ISBN:
8439367392
Descripción Física:
150 pàgines ; 20 cm
Colección:
Quaderns de legislació
; 48
Materias:
Protecció de dades -- Dret i legislació -- Catalunya
; Protecció de dades -- Dret i legislació -- Espanya
; Protecció de dades -- Dret i legislació -- Unió Europea, Països de la
Idioma:
Catalán
MARC
| LEADER | 00000nam a2200000 a 4500 | ||
|---|---|---|---|
| 001 | 25576 | ||
| 003 | Arxiu | ||
| 005 | 20260324181111.0 | ||
| 008 | 050404s2005 spc||||||| o000 ||cat | ||
| 017 | |a DL B. 17164-2005 |a DL B. 45569-2005 (corregit) |b Biblioteca de Catalunya | ||
| 020 | |a 8439367392 | ||
| 043 | |a e-sp--- |b e-spc-- |2 catmarc |a e-sp--- |a e------ | ||
| 080 | |a Bib-561 | ||
| 245 | 0 | 0 | |a Legislació sobre protecció de dades |
| 250 | |a 2a edició | ||
| 260 | |a [Barcelona] : |b Generalitat de Catalunya, Agència Catalana de Protecció de Dades, |c abril 2005 | ||
| 300 | |a 150 pàgines ; |c 20 cm | ||
| 490 | 1 | |a Quaderns de legislació ; |v 48 | |
| 650 | 0 | |a Protecció de dades |x Dret i legislació |z Catalunya |2 lemac |9 53009 | |
| 650 | 0 | |a Protecció de dades |x Dret i legislació |z Espanya |2 lemac |9 53011 | |
| 650 | 0 | |a Protecció de dades |x Dret i legislació |z Unió Europea, Països de la |2 lemac |9 53012 | |
| 710 | 2 | |a Agència Catalana de Protecció de Dades |9 53010 | |
| 830 | 0 | |a Quaderns de legislació ; |v 48 | |
| 940 | |a BC | ||
| 942 | |2 udc |c ARXIU |n 1 | ||
| 952 | |0 0 |1 0 |4 0 |6 BIB561 |7 1 |9 61795 |a Arxiu |b Arxiu |d 2022-05-19 |l 0 |o Bib-561 |p 25576 |r 2022-05-19 00:00:00 |w 2022-05-19 |y ARXIU | ||
| 999 | |c 81647 |d 81647 | ||